| 000 -LEADER |
| fixed length control field |
01468pab a2200169 454500 |
| 008 - FIXED-LENGTH DATA ELEMENTS--GENERAL INFORMATION |
| fixed length control field |
180718b2009 xxu||||| |||| 00| 0 eng d |
| 100 ## - MAIN ENTRY--PERSONAL NAME |
| Personal name |
Kim, Pan Suk |
| 245 ## - TITLE STATEMENT |
| Title |
Quality as a reflection of innovation? Quality management in the Korean government |
| 260 ## - PUBLICATION, DISTRIBUTION, ETC. |
| Date of publication, distribution, etc. |
2009 |
| 300 ## - PHYSICAL DESCRIPTION |
| Extent |
p.419-35. |
| 362 ## - DATES OF PUBLICATION AND/OR SEQUENTIAL DESIGNATION |
| Dates of publication and/or sequential designation |
Sep |
| 520 ## - SUMMARY, ETC. |
| Summary, etc. |
Quality management generally implies all the activities that are intended to bring about the desired level of quality. In order to improve the quality of a product or service in both private and public-sectors, quality management has been exercised for a long time and broadly applied in various organizations. As many new buzz words emerge in both business and public management, however, it seems that its popularity has declined. Is quality management dead? Not really. Quality is a fundamental ingredient in innovation so it must not be disregarded, although there might be fluctuations in its popularity. This study reviews the developmental status of quality management in South Korea by looking at its status and conceptual changes from historical and comparative perspectives. Historically, quality management in modern Korea was influenced by Japanese and American practices. In a comparative perspective, however, European influence on quality management was not salient in Korea. - Reproduced. |
| 650 ## - SUBJECT ADDED ENTRY--TOPICAL TERM |
| Topical term or geographic name entry element |
Total quality management |
| 773 ## - HOST ITEM ENTRY |
| Main entry heading |
International Review of Administrative Sciences |
| 908 ## - PUT COMMAND PARAMETER (RLIN) |
| Put command parameter |
N |
| 909 ## - |
| -- |
84517 |